000 00518nam a2200193Ia 4500
003 OSt
005 20250214110431.0
008 210210b1936 xxu||||| |||| 00| 0 eng d
040 _cAL
041 _ahin
082 _a868/23
100 _aMISRA (Jyoti Prasad):
_9199625
110 _bमिश्रा ज्योति प्रसाद
_9199626
245 _aTilak:
_bतिलक
260 _aBombay
_bChatrhitakari Pustakmala
_c1936
690 _aBiography
_9199627
906 _a023748
942 _2ddc
_cBK
999 _c148714
_d148714